Hostochemistry. (Record no. 4080)

MARC details
000 -LEADER
fixed length control field 00560nam a22002057a 4500
003 - CONTROL NUMBER IDENTIFIER
control field OSt
005 - DATE AND TIME OF LATEST TRANSACTION
control field 20160517150740.0
008 - FIXED-LENGTH DATA ELEMENTS--GENERAL INFORMATION
fixed length control field 160517b xxu||||| |||| 00| 0 eng d
020 ## - INTERNATIONAL STANDARD BOOK NUMBER
International Standard Book Number 700013261
040 ## - CATALOGING SOURCE
Transcribing agency DLMN.
082 ## - DEWEY DECIMAL CLASSIFICATION NUMBER
Classification number QS531 P321L 1968
100 ## - MAIN ENTRY--PERSONAL NAME
Personal name Pearse,A.G,Everson;
9 (RLIN) 8849
245 ## - TITLE STATEMENT
Title Hostochemistry.
Remainder of title Theoretical and Applied.
250 ## - EDITION STATEMENT
Edition statement 3rd ed. Volume 1.
260 ## - PUBLICATION, DISTRIBUTION, ETC. (IMPRINT)
Place of publication, distribution, etc. London.
Name of publisher, distributor, etc. J&A Churchill Ltd.
Date of publication, distribution, etc. 1968.
300 ## - PHYSICAL DESCRIPTION
Extent vii,759p;
Other physical details ill;
Dimensions 25cm.
504 ## - BIBLIOGRAPHY, ETC. NOTE
Bibliography, etc includes Appendix and index.
650 ## - SUBJECT ADDED ENTRY--TOPICAL TERM
Topical term or geographic name as entry element Chemistry.
9 (RLIN) 797
942 ## - ADDED ENTRY ELEMENTS (KOHA)
Source of classification or shelving scheme Other/Generic Classification Scheme
Koha item type Open Shelf
Holdings
Withdrawn status Lost status Source of classification or shelving scheme Damaged status Not for loan Home library Current library Date acquired Source of acquisition Inventory number Total Checkouts Full call number Barcode Date last seen Price effective from Koha item type
    Other/Generic Classification Scheme     MUST Main Library MUST Main Library 17/05/2016   13/36904   QS531 P321L 1968 2016-1984 17/05/2016 17/05/2016 Open Shelf
    Other/Generic Classification Scheme     MUST Main Library MUST Main Library 17/05/2016   13/36905   QS531 P321L 1968 2016-1985 17/05/2016 17/05/2016 Open Shelf
    Other/Generic Classification Scheme     MUST Main Library MUST Main Library 17/05/2016   13/36906   QS531 P321L 1968 2016-1986 17/05/2016 17/05/2016 Open Shelf
    Other/Generic Classification Scheme     MUST Main Library MUST Main Library 17/05/2016   5298   QS531 P321L 1968 2016-1991 17/05/2016 17/05/2016 Open Shelf